Law reports containing cases determined by the High Court of Myasaland and of the Court of Appeal for Eastern Africa. (Record no. 2132)
[ view plain ]
| 000 -LEADER | |
|---|---|
| fixed length control field | 00679nam a2200193u 4500 |
| 001 - CONTROL NUMBER | |
| control field | 8173272 |
| 005 - DATE AND TIME OF LATEST TRANSACTION | |
| control field | 20110520123856.0 |
| 008 - FIXED-LENGTH DATA ELEMENTS--GENERAL INFORMATION | |
| fixed length control field | 851018n xx 000 0 eng |
| 035 ## - SYSTEM CONTROL NUMBER | |
| -- | (DLC)unk85052981 |
| 010 ## - LIBRARY OF CONGRESS CONTROL NUMBER | |
| LC control number | unk85052981 |
| 040 ## - CATALOGING SOURCE | |
| Original cataloging agency | DLC |
| Transcribing agency | CarP |
| Modifying agency | DLC |
| 050 00 - LIBRARY OF CONGRESS CALL NUMBER | |
| Classification number | LAW <Malawi 5> |
| 110 2# - MAIN ENTRY--CORPORATE NAME | |
| Corporate name or jurisdiction name as entry element | Nyasaland Protectorate. |
| Subordinate unit | High Court. [from old catalog] |
| 245 00 - TITLE STATEMENT | |
| Title | Law reports containing cases determined by the High Court of Myasaland and of the Court of Appeal for Eastern Africa. |
| 260 ## - PUBLICATION, DISTRIBUTION, ETC. (IMPRINT) | |
| Place of publication, distribution, etc | Zomba, |
| Name of publisher, distributor, etc | Nyasaland, Government Printer |
| Date of publication, distribution, etc | [n.d.] |
| 300 ## - PHYSICAL DESCRIPTION | |
| Extent | p. cm. |
| 906 ## - LOCAL DATA ELEMENT F, LDF (RLIN) | |
| a | 0 |
| b | cbc |
| c | premunv |
| d | u |
| e | ncip |
| f | 19 |
| g | y-gencatlg |
| 991 ## - | |
| -- | c-LL |
| -- | LAW <Malawi 5> |
| -- | Copy 1 |
| -- | PREM |
No items available.
